000 00941 a2200253 4500
005 20081014123653.0
008 081014t xxu||||| |||| 00| 0 eng d
010 _aENG-91325
020 _a8173414645
_c695.00
035 _aEN-74858
037 _bDBAD / PUB
040 _adpl
_bEnglish
082 _a370.954
245 _aModern Indian education system /
_cedited by Ramesh Gupta, Madan Mohan Bajaj [and] Bhooprem Yogi
260 _a Delhi
_bIndian Publishers Distributors
_c2008
270 _a156-D, Kamla Nagar,
_cDelhi
_e110007
300 _a324p.
_c22 cm (Hb)
650 _aEducation
_zIndia
700 _aGupta, Ramesh
700 _aBajaj, Madan Mohan
700 _aYogi, Bhooprem
942 _adpl
_cEN
_2ddc
_mMOD
_h370.954
999 _c16712
_d16712